000 01079nam a2200301 c 4500
999 _c344454
_d344454
003 BLK
005 20191003111254.0
008 180911b bul|||||r ||||||| ||bul||
010 _a004119
040 _aBLK
041 _aFRE
_cBUL
080 _aБалзак, Оноре де
_x92
_z840.09840(092)92
100 1 _aBELLESSORT, Andre
_eпърви автор
_9398497
245 0 0 _aBalzac et son oeuvre
246 _aOuvrage orne de dix gravures
260 _aParis
_bPerrin et Cie
_c1924
300 _aVIII, 375 с., 9 л
_bил., портр.
_c19 см
380 _a82
490 _aЧастна колекция - Академик Михаил Арнаудов
_gДарение - Основен фонд
500 _aМихаил Арнаудов: на други лица-книга. - Stp. Vassileff. Подчертавания в текста
650 _aБиографии
_9148657
650 _aПисатели
_9166332
655 _aЛитературознание
_9396446
700 1 _aAndre Bellessort
_9398498
852 _aМА 1796
942 _cKNG
_n0
_s1
944 _aCR
_c1996
_kValK
999 _d344454